[Event "Anderssen Festival 2019"]
[Site "Wroclaw"]
[Date "2019.08.05"]
[Round "1.13"]
[White "Glotz, Erik"]
[Black "Wieczorek, Zbigniew"]
[Result "0-1"]
[WhiteElo "1500"]
[BlackElo "2235"]
[Annotator "ChessBase"]
[PlyCount "101"]
[EventDate "2019.08.05"]
[EventType "swiss"]
[EventCountry "POL"]
[SourceTitle "playchess.com"]
[Source "ChessBase"]
[SourceQuality "1"]
[TimeControl "40/5400+30:900+30"]

1. e4 {[%emt 0:00:00]} g6 {[%emt 0:00:00]} 2. Nf3 {[%emt 0:00:18]} Bg7 {[%emt 0:00:00]} 3. d4 {[%emt 0:00:44]} c6 {[%emt 0:00:01]} 4. Nc3 {[%emt 0:00:38]} d5 {[%emt 0:00:06]} 5. Bf4 {[%emt 0:02:46]} Bg4 {[%emt 0:01:27]} 6. h3 {[%emt 0:00:54]} Bxf3 {[%emt 0:00:42]} 7. Qxf3 {[%emt 0:00:21]} Nf6 {[%emt 0:07:11]} 8. e5 {[%emt 0:02:13]} Nfd7 {[%emt 0:00:07]} 9. Bd3 {[%emt 0:01:52]} e6 {[%emt 0:08:06]} 10. Qe3 {[%emt 0:05:40]} O-O {[%emt 0:03:41]} 11. Bh6 {[%emt 0:01:09]} Nxe5 {[%emt 0:02:23]} 12. Bxg7 {[%emt 0:04:56]} Nxd3+ {[%emt 0:00:07]} 13. Qxd3 {[%emt 0:00:12]} Kxg7 {[%emt 0:00:06]} 14. O-O {[%emt 0:00:15]} Nd7 {[%emt 0:01:08]} 15. Rfe1 {[%emt 0:00:35]} Qb6 {[%emt 0:02:47]} 16. b3 {[%emt 0:01:32]} Rfe8 {[%emt 0:01:55]} 17. Na4 {[%emt 0:04:15]} Qb4 {[%emt 0:01:32]} 18. c3 {[%emt 0:02:32]} Qa5 {[%emt 0:09:07]} 19. Re3 {[%emt 0:02:56]} Rad8 {[%emt 0:02:08]} 20. c4 {[%emt 0:08:30]} dxc4 {[%emt 0:02:43]} 21. Qc2 {[%emt 0:03:58]} cxb3 {[%emt 0:01:59]} 22. axb3 {[%emt 0:01:30]} Nf6 {[%emt 0:02:59]} 23. Qb2 {[%emt 0:02:19]} Qb4 {[%emt 0:02:13]} 24. Rd1 {[%emt 0:03:04]} e5 {[%emt 0:05:36]} 25. Red3 {[%emt 0:06:17]} exd4 {[%emt 0:00:26]} 26. Rxd4 {[%emt 0:00:51]} Rxd4 {[%emt 0:00:21]} 27. Qxd4 {[%emt 0:00:30]} Qxd4 {[%emt 0:01:05]} 28. Rxd4 {[%emt 0:00:16]} Re1+ {[%emt 0:00:07]} 29. Kh2 {[%emt 0:00:16]} Rb1 {[%emt 0:00:10]} 30. b4 {[%emt 0:01:24]} Nd5 {[%emt 0:00:51]} 31. Nc5 {[%emt 0:01:58]} b6 {[%emt 0:02:30]} 32. Na6 {[%emt 0:01:01]} h5 {[%emt 0:02:56]} 33. h4 {[%emt 0:02:44]} Rb2 {[%emt 0:01:19]} 34. Kg1 {[%emt 0:01:32]} Kf8 {[%emt 0:01:46]} 35. Rc4 {[%emt 0:01:33]} b5 {[%emt 0:02:35]} 36. Re4 {[%emt 0:00:53]} Kg7 {[%emt 0:00:23]} 37. f3 {[%emt 0:02:13]} f5 {[%emt 0:01:01]} 38. Rd4 {[%emt 0:00:56]} Kf6 {[%emt 0:02:22]} 39. f4 {[%emt 0:00:27]} Ke7 {[%emt 0:01:37]} 40. Kh2 {[%emt 0:00:00]} Kd6 {[%emt 0:00:00]} 41. Kg3 {[%emt 0:02:24]} Re2 {[%emt 0:05:51]} 42. Kf3 {[%emt 0:02:11]} Re3+ {[%emt 0:00:16]} 43. Kf2 {[%emt 0:00:56]} Re4 {[%emt 0:00:06]} 44. Rxe4 {[%emt 0:00:38]} fxe4 {[%emt 0:00:06]} 45. g3 {[%emt 0:00:20]} Ke6 {[%emt 0:00:28]} 46. Nc5+ {[%emt 0:00:50]} Kf5 {[%emt 0:00:05]} 47. Na6 {[%emt 0:00:49]} Kg4 {[%emt 0:00:11]} 48. Kg2 {[%emt 0:00:13]} Ne3+ {[%emt 0:01:04]} 49. Kf2 {[%emt 0:00:16]} Nc2 {[%emt 0:00:25]} 50. Kg2 {[%emt 0:00:42]} e3 {[%emt 0:00:15]} 51. Kg1 {[%emt 0:01:01]} 0-1

[Event "Anderssen Festival 2019"]
[Site "Wroclaw"]
[Date "2019.08.05"]
[Round "1.14"]
[White "Mitchell, Martin"]
[Black "Zimny, Jakub"]
[Result "1-0"]
[WhiteElo "2218"]
[BlackElo "1417"]
[Annotator "ChessBase"]
[PlyCount "63"]
[EventDate "2019.08.05"]
[EventType "swiss"]
[EventCountry "POL"]
[SourceTitle "playchess.com"]
[Source "ChessBase"]
[SourceQuality "1"]
[TimeControl "40/5400+30:900+30"]

1. d4 Nf6 2. c4 g6 3. Nc3 Bg7 4. e4 d6 5. Be2 O-O 6. Be3 e5 7. d5 Ne8 8. g4 f5 9. gxf5 gxf5 10. exf5 Bxf5 11. Nf3 c5 12. Rg1 e4 13. Ng5 Bxc3+ 14. bxc3 Ng7 15. Bg4 Bg6 16. h4 Qf6 17. Rc1 Kh8 18. h5 Bf5 19. h6 Ne8 20. Qc2 Rg8 21. Bxf5 Qxf5 22. f3 Nd7 23. Qxe4 Rf8 24. Rg4 Qxe4 25. Rxe4 Ne5 26. Ke2 Nf6 27. Rxe5 dxe5 28. Bxc5 Rfc8 29. Rg1 Rc7 30. Bd6 Rd7 31. Bxe5 Re8 32. Ne6 1-0

[Event "Anderssen Festival 2019"]
[Site "Wroclaw"]
[Date "2019.08.05"]
[Round "1.15"]
[White "Rog, Mateusz"]
[Black "Nguyen, Alex Dac-Vuong"]
[Result "1/2-1/2"]
[WhiteElo "1473"]
[BlackElo "2267"]
[Annotator "ChessBase"]
[PlyCount "92"]
[EventDate "2019.08.05"]
[EventType "swiss"]
[EventCountry "POL"]
[SourceTitle "playchess.com"]
[Source "ChessBase"]
[SourceQuality "1"]
[TimeControl "40/5400+30:900+30"]

1. e4 {[%emt 0:00:00]} c5 {[%emt 0:00:00]} 2. Nf3 {[%emt 0:00:00]} e6 {[%emt 0:00:00]} 3. d4 {[%emt 0:01:25]} cxd4 {[%emt 0:00:00]} 4. Nxd4 {[%emt 0:00:14]} a6 {[%emt 0:00:00]} 5. Nc3 {[%emt 0:01:36]} Qc7 {[%emt 0:00:06]} 6. g3 {[%emt 0:01:40]} Bb4 {[%emt 0:01:40]} 7. Bd2 {[%emt 0:01:00]} Nc6 {[%emt 0:01:57]} 8. Nxc6 {[%emt 0:01:35]} bxc6 {[%emt 0:00:16]} 9. Qg4 {[%emt 0:02:47]} Bf8 {[%emt 0:05:45]} 10. Bg2 {[%emt 0:03:17]} Nf6 {[%emt 0:01:15]} 11. Qe2 {[%emt 0:02:24]} a5 {[%emt 0:02:15]} 12. Bg5 {[%emt 0:05:31]} Be7 {[%emt 0:02:10]} 13. f4 Ba6 {[%emt 0:05:24]} 14. Qd2 {[%emt 0:03:13]} d5 {[%emt 0:03:37]} 15. O-O-O {[%emt 0:06:04]} O-O {[%emt 0:05:28]} 16. e5 {[%emt 0:18:06]} Ne8 {[%emt 0:00:09]} 17. h4 {[%emt 0:00:55]} Rb8 {[%emt 0:04:02]} 18. Bf1 {[%emt 0:02:08]} Bxf1 {[%emt 0:09:25]} 19. Bxe7 {[%emt 0:01:35]} Qxe7 {[%emt 0:00:31]} 20. Rdxf1 {[%emt 0:02:20]} Qb4 {[%emt 0:01:11]} 21. Nd1 {[%emt 0:00:14]} f6 {[%emt 0:06:48]} 22. a3 {[%emt 0:03:53]} Qc4 {[%emt 0:06:30]} 23. Re1 {[%emt 0:02:20]} fxe5 {[%emt 0:00:34]} 24. Rxe5 {[%emt 0:00:32]} Qa2 {[%emt 0:03:00]} 25. Qc3 {[%emt 0:05:39]} Qa1+ {[%emt 0:03:12]} 26. Kd2 {[%emt 0:00:04]} Nd6 {[%emt 0:01:01]} 27. Nf2 {[%emt 0:09:25]} Qxb2 {[%emt 0:10:46]} 28. Qxb2 {[%emt 0:00:43]} Nc4+ {[%emt 0:01:14]} 29. Kc3 {[%emt 0:00:37]} Rxb2 {[%emt 0:09:24]} 30. Rxe6 {[%emt 0:02:39]} Rc8 {[%emt 0:04:36]} 31. Ra1 {[%emt 0:03:45]} Rb7 {[%emt 0:04:47]} 32. Nd3 {[%emt 0:01:29]} c5 {[%emt 0:01:13]} 33. Ne5 {[%emt 0:00:50]} Ne3 {[%emt 0:01:16]} 34. Re1 {[%emt 0:02:48]} d4+ {[%emt 0:01:25]} 35. Kd3 {[%emt 0:00:53]} Rb2 {[%emt 0:02:57]} 36. Ra6 {[%emt 0:13:12]} Nxc2 {[%emt 0:00:58]} 37. Re2 {[%emt 0:01:43]} c4+ {[%emt 0:00:45]} 38. Nxc4 {[%emt 0:00:01]} Rb3+ {[%emt 0:00:06]} 39. Kxc2 {[%emt 0:00:15]} Rc3+ {[%emt 0:00:03]} 40. Kb2 {[%emt 0:00:00]} R3xc4 {[%emt 0:00:00]} 41. Rd2 {[%emt 0:02:30]} Rb8+ {[%emt 0:00:52]} 42. Ka2 {[%emt 0:00:34]} Rb5 {[%emt 0:01:43]} 43. Rd6 {[%emt 0:02:26]} Rc3 {[%emt 0:00:04]} 44. R6xd4 {[%emt 0:05:56]} Rxg3 45. Rd8+ Kf7 46. R8d7+ Kg6 1/2-1/2

[Event "Anderssen Festival 2019"]
[Site "Wroclaw"]
[Date "2019.08.05"]
[Round "1.16"]
[White "Kareva, Natalia"]
[Black "Kosior, Jan"]
[Result "1-0"]
[WhiteElo "2135"]
[BlackElo "1442"]
[Annotator "ChessBase"]
[PlyCount "51"]
[EventDate "2019.08.05"]
[EventType "swiss"]
[EventCountry "POL"]
[SourceTitle "playchess.com"]
[Source "ChessBase"]
[SourceQuality "1"]
[TimeControl "40/5400+30:900+30"]

1. d4 {[%emt 0:00:00]} Nf6 {[%emt 0:00:00]} 2. c4 {[%emt 0:00:00]} d5 {[%emt 0:00:00]} 3. cxd5 {[%emt 0:00:54]} Nxd5 {[%emt 0:00:00]} 4. e4 {[%emt 0:01:06]} Nf6 {[%emt 0:01:01]} 5. Nc3 {[%emt 0:00:59]} e6 {[%emt 0:01:18]} 6. Be3 {[%emt 0:03:20]} Bb4 {[%emt 0:05:45]} 7. Qa4+ {[%emt 0:05:07]} Nc6 {[%emt 0:00:14]} 8. Bb5 {[%emt 0:00:16]} Bxc3+ {[%emt 0:07:46]} 9. bxc3 {[%emt 0:00:07]} Bd7 {[%emt 0:00:26]} 10. Qc2 {[%emt 0:01:38]} a6 {[%emt 0:03:02]} 11. Be2 {[%emt 0:00:24]} Ne7 {[%emt 0:13:18]} 12. Nf3 {[%emt 0:03:44]} Ng6 {[%emt 0:07:43]} 13. h3 {[%emt 0:01:18]} Bc6 {[%emt 0:04:58]} 14. Nd2 {[%emt 0:00:59]} Qd7 {[%emt 0:05:17]} 15. c4 {[%emt 0:02:03]} b6 {[%emt 0:07:03]} 16. O-O {[%emt 0:03:37]} O-O {[%emt 0:00:56]} 17. f4 {[%emt 0:02:03]} Rfe8 {[%emt 0:05:45]} 18. e5 {[%emt 0:02:57]} Nh4 {[%emt 0:03:40]} 19. exf6 {[%emt 0:02:41]} Bxg2 {[%emt 0:03:05]} 20. Rf2 {[%emt 0:01:54]} Bxh3 {[%emt 0:03:24]} 21. Rh2 {[%emt 0:03:04]} Bf5 {[%emt 0:00:23]} 22. Bd3 {[%emt 0:00:17]} Ng6 {[%emt 0:01:21]} 23. fxg7 {[%emt 0:02:25]} c5 {[%emt 0:02:00]} 24. Nf3 {[%emt 0:02:53]} cxd4 {[%emt 0:01:03]} 25. Bxd4 {[%emt 0:02:00]} Nxf4 {[%emt 0:01:16]} 26. Rxh7 {[%emt 0:03:07]} 1-0

[Event "Anderssen Festival 2019"]
[Site "Wroclaw"]
[Date "2019.08.05"]
[Round "1.17"]
[White "Fruth, David"]
[Black "Zgadzaj, Rafal"]
[Result "0-1"]
[WhiteElo "1425"]
[BlackElo "2133"]
[Annotator "ChessBase"]
[PlyCount "64"]
[EventDate "2019.08.05"]
[EventType "swiss"]
[EventCountry "POL"]
[SourceTitle "playchess.com"]
[Source "ChessBase"]
[SourceQuality "1"]
[TimeControl "40/5400+30:900+30"]

1. e4 c5 2. Nf3 d6 3. d4 cxd4 4. Nxd4 Nf6 5. f3 g6 6. Nc3 Bg7 7. Be3 O-O 8. Bc4 Nc6 9. O-O Bd7 10. Qd2 Rc8 11. Nxc6 bxc6 12. a4 Qc7 13. Rfd1 Rb8 14. b3 Rfd8 15. Bg5 Be8 16. Bf4 Qa5 17. Nd5 Qxd2 18. Nxe7+ Kf8 19. Nxg6+ hxg6 20. Rxd2 Nxe4 21. fxe4 Bxa1 22. Bxd6+ Kg8 23. Rd3 Rb7 24. Bc5 Rxd3 25. Bxd3 Rd7 26. Kf1 Bd4 27. Bxd4 Rxd4 28. Ke2 c5 29. Ke3 Kg7 30. c3 Rd8 31. Ke2 Kf6 32. c4 Ke5 0-1

[Event "Anderssen Festival 2019"]
[Site "Wroclaw"]
[Date "2019.08.05"]
[Round "1.18"]
[White "Gorny, Michael"]
[Black "Stefanski, Adam"]
[Result "1-0"]
[WhiteElo "2067"]
[BlackElo "1423"]
[Annotator "NA"]
[PlyCount "135"]
[EventDate "2019.08.05"]
[EventType "swiss"]
[EventCountry "POL"]
[SourceTitle "playchess.com"]
[Source "ChessBase"]
[SourceQuality "1"]
[TimeControl "40/5400+30:900+30"]

1. g3 {[%emt 0:00:00]} Nf6 {[%emt 0:00:00]} 2. Bg2 {[%emt 0:00:00]} d6 {[%emt 0:00:15]} 3. d4 {[%emt 0:02:41]} g6 {[%emt 0:01:48]} 4. e4 {[%emt 0:06:47]} Bg7 {[%emt 0:02:02]} 5. Nc3 {[%emt 0:03:38]} Nbd7 {[%emt 0:08:08]} 6. Be3 {[%emt 0:11:28]} e5 {[%emt 0:04:05]} 7. d5 {[%emt 0:01:35]} O-O {[%emt 0:05:22]} 8. Nh3 {[%emt 0:05:13]} Nc5 {[%emt 0:10:13]} 9. f3 {[%emt 0:01:37]} a5 {[%emt 0:04:48]} 10. Qd2 {[%emt 0:01:45]} Rb8 {[%emt 0:13:51]} 11. a4 {[%emt 0:02:16]} c6 {[%emt 0:04:09]} 12. O-O {[%emt 0:02:21]} Na6 {[%emt 0:02:35]} 13. Nf2 {[%emt 0:14:08]} Qc7 {[%emt 0:12:48]} 14. Rfc1 {[%emt 0:08:15]} Re8 {[%emt 0:13:14]} 15. Ra3 {[%emt 0:12:50]} b5 {[%emt 0:12:38]} 16. axb5 {[%emt 0:06:54]} cxb5 {[%emt 0:00:13]} 17. Raa1 {[%emt 0:00:51]} Bd7 {[%emt 0:00:10]} 18. Bf1 {[%emt 0:01:20]} a4 {[%emt 0:01:26]} 19. Na2 {[%emt 0:05:45]} Nc5 {[%emt 0:00:24]} 20. Nb4 {[%emt 0:00:17]} Rb7 {[%emt 0:00:41]} 21. Nfd3 {[%emt 0:03:05]} Ra8 {[%emt 0:00:28]} 22. Qf2 {[%emt 0:01:17]} Bf8 {[%emt 0:00:03]} 23. Ra3 {[%emt 0:01:24]} Be8 {[%emt 0:00:30]} 24. Rc3 {[%emt 0:00:29]} Nfd7 {[%emt 0:00:55]} 25. Qd2 {[%emt 0:01:11]} Nb6 {[%emt 0:00:53]} 26. Nf2 {[%emt 0:00:32]} Rc8 {[%emt 0:00:47]} 27. g4 {[%emt 0:00:22]} Qe7 {[%emt 0:00:18]} 28. g5 {[%emt 0:00:37]} f6 {[%emt 0:00:18]} 29. gxf6 {[%emt 0:02:59]} Qxf6 {[%emt 0:00:05]} 30. Bg5 {[%emt 0:00:07]} Qg7 {[%emt 0:00:36]} 31. Ng4 {[%emt 0:00:09]} Be7 {[%emt 0:00:53]} 32. h4 {[%emt 0:00:45]} Rbc7 {[%emt 0:00:48]} 33. Bh3 {[%emt 0:00:59]} Bd7 {[%emt 0:00:09]} 34. Nc6 {[%emt 0:01:00]} Bxg5 {[%emt 0:00:46]} 35. hxg5 {[%emt 0:00:50]} Bxg4 {[%emt 0:00:17]} 36. Bxg4 {[%emt 0:00:05]} Nc4 {[%emt 0:00:22]} 37. Qe2 {[%emt 0:01:21]} Rf8 {[%emt 0:00:40]} 38. b3 {[%emt 0:00:18]} Nb6 {[%emt 0:00:46]} 39. Qxb5 {[%emt 0:00:19]} Nc8 {[%emt 0:00:33]} 40. b4 {[%emt 0:00:00]} Rb7 {[%emt 0:00:00]} 41. Qe2 {[%emt 0:05:37]} Nd7 {[%emt 0:05:09]} 42. Ra1 {[%emt 0:02:03]} Ndb6 {[%emt 0:06:22]} 43. Rca3 {[%emt 0:03:13]} h5 {[%emt 0:03:03]} 44. Be6+ {[%emt 0:01:00]} Kh8 {[%emt 0:00:58]} 45. c4 {[%emt 0:03:03]} Na7 {[%emt 0:02:15]} 46. Nxa7 {[%emt 0:01:42]} Rxa7 {[%emt 0:00:07]} 47. c5 {[%emt 0:00:55]} dxc5 {[%emt 0:00:40]} 48. bxc5 {[%emt 0:00:05]} Nd7 {[%emt 0:00:54]} 49. Qe3 {[%emt 0:00:24]} Qe7 {[%emt 0:00:21]} 50. c6 {[%emt 0:01:24]} Nc5 {[%emt 0:00:38]} 51. Bh3 {[%emt 0:00:15]} Rf4 {[%emt 0:00:31]} 52. Bg2 {[%emt 0:00:14]} Rf7 {[%emt 0:00:32]} 53. Rd1 {[%emt 0:01:10]} Qd6 {[%emt 0:00:17]} 54. Rc3 {[%emt 0:00:34]} Ne6 {[%emt 0:00:33]} 55. Rb1 {[%emt 0:01:07]} Nd4 {[%emt 0:00:20]} 56. Rc4 {[%emt 0:00:24]} a3 {[%emt 0:00:41]} 57. Rxd4 {[%emt 0:00:39]} exd4 {[%emt 0:00:08]} 58. Qxd4+ {[%emt 0:00:01]} Kh7 {[%emt 0:00:29]} 59. e5 {[%emt 0:00:08]} a2 {[%emt 0:00:54]} 60. Ra1 {[%emt 0:00:29]} Qe7 {[%emt 0:00:32]} 61. f4 {[%emt 0:00:16]} Qc7 {[%emt 0:00:23]} 62. d6 {[%emt 0:00:14]} Qb8 {[%emt 0:00:24]} 63. Kh2 {[%emt 0:01:23]} h4 {[%emt 0:00:48]} 64. c7 {[%emt 0:00:15]} Qc8 {[%emt 0:00:26]} 65. Bh3 {[%emt 0:00:21]} Qa6 {[%emt 0:00:36]} 66. c8=Q {[%emt 0:00:49]} Qe2+ {[%emt 0:00:20]} 67. Bg2 {[%emt 0:00:20]} h3 {[%emt 0:00:24]} 68. Qxh3+ 1-0

[Event "Anderssen Festival 2019"]
[Site "Wroclaw"]
[Date "2019.08.05"]
[Round "1.19"]
[White "Urbaniak, Marcin"]
[Black "Malecki, Rafal"]
[Result "0-1"]
[WhiteElo "1374"]
[BlackElo "2063"]
[Annotator "NA"]
[PlyCount "108"]
[EventDate "2019.08.05"]
[EventType "swiss"]
[EventCountry "POL"]
[SourceTitle "playchess.com"]
[Source "ChessBase"]
[SourceQuality "1"]
[TimeControl "40/5400+30:900+30"]

1. e4 {[%emt 0:00:00]} d6 {[%emt 0:00:00]} 2. d4 {[%emt 0:00:00]} g6 {[%emt 0:00:00]} 3. Nf3 {[%emt 0:00:36]} Bg7 {[%emt 0:00:00]} 4. Bc4 {[%emt 0:03:49]} Nf6 {[%emt 0:03:06]} 5. Nc3 {[%emt 0:00:25]} c6 {[%emt 0:06:35]} 6. a4 {[%emt 0:24:23]} O-O {[%emt 0:05:15]} 7. O-O {[%emt 0:01:16]} d5 {[%emt 0:03:23]} 8. exd5 {[%emt 0:03:46]} cxd5 {[%emt 0:00:29]} 9. Ba2 {[%emt 0:09:10]} Bg4 {[%emt 0:02:38]} 10. h3 {[%emt 0:02:46]} Bxf3 {[%emt 0:00:39]} 11. Qxf3 {[%emt 0:00:13]} e6 {[%emt 0:01:41]} 12. Bf4 {[%emt 0:06:44]} Nc6 {[%emt 0:01:40]} 13. Rfd1 {[%emt 0:04:35]} Qb6 {[%emt 0:10:39]} 14. Nb5 {[%emt 0:01:32]} Rfc8 {[%emt 0:27:26]} 15. c4 {[%emt 0:00:26]} dxc4 {[%emt 0:02:12]} 16. Nd6 {[%emt 0:00:54]} Rd8 {[%emt 0:13:57]} 17. Nxc4 {[%emt 0:21:45]} Nxd4 {[%emt 0:03:26]} 18. Qe3 {[%emt 0:06:14]} Qc5 {[%emt 0:13:36]} 19. Be5 {[%emt 0:00:14]} Ne8 {[%emt 0:01:14]} 20. b4 {[%emt 0:03:26]} Qxb4 21. Bxd4 {[%emt 0:03:37]} Qxa4 {[%emt 0:01:08]} 22. Bb3 {[%emt 0:00:40]} Bxd4 {[%emt 0:00:34]} 23. Bxa4 {[%emt 0:01:43]} Bxe3 {[%emt 0:00:09]} 24. Nxe3 {[%emt 0:00:40]} Nd6 {[%emt 0:00:47]} 25. Rab1 {[%emt 0:01:31]} Rab8 {[%emt 0:00:22]} 26. Rd2 {[%emt 0:00:36]} Kf8 {[%emt 0:00:54]} 27. Rc1 {[%emt 0:01:13]} b5 {[%emt 0:00:37]} 28. Bd1 {[%emt 0:00:10]} Rb6 {[%emt 0:00:53]} 29. Rc7 {[%emt 0:00:49]} a5 {[%emt 0:00:24]} 30. Ra7 {[%emt 0:00:24]} a4 {[%emt 0:00:15]} 31. Rb2 {[%emt 0:00:14]} Rdb8 {[%emt 0:00:54]} 32. Rb4 {[%emt 0:01:31]} Nc8 {[%emt 0:00:20]} 33. Ra5 {[%emt 0:00:10]} Ne7 {[%emt 0:00:43]} 34. Bf3 {[%emt 0:00:37]} f5 {[%emt 0:00:25]} 35. Nc2 {[%emt 0:00:27]} e5 {[%emt 0:00:15]} 36. Rb1 {[%emt 0:00:12]} Nc6 {[%emt 0:00:52]} 37. Bxc6 {[%emt 0:00:18]} Rxc6 {[%emt 0:00:04]} 38. Nb4 {[%emt 0:00:57]} Rc4 {[%emt 0:00:56]} 39. Nd3 {[%emt 0:00:21]} e4 {[%emt 0:00:21]} 40. Ne5 {[%emt 0:00:00]} Rc7 {[%emt 0:00:00]} 41. Rxa4 {[%emt 0:01:47]} bxa4 {[%emt 0:07:37]} 42. Rxb8+ {[%emt 0:02:46]} Ke7 {[%emt 0:00:03]} 43. Rb6 {[%emt 0:03:36]} Rc1+ {[%emt 0:02:05]} 44. Kh2 {[%emt 0:00:08]} a3 {[%emt 0:01:51]} 45. Ra6 {[%emt 0:00:55]} Rc2 {[%emt 0:03:49]} 46. Rxa3 {[%emt 0:06:39]} Rxf2 {[%emt 0:00:29]} 47. Re3 {[%emt 0:01:21]} Kd6 {[%emt 0:02:34]} 48. Nc4+ {[%emt 0:01:40]} Kd5 {[%emt 0:00:21]} 49. Kg3 {[%emt 0:00:15]} Rf1 {[%emt 0:00:55]} 50. Nd2 {[%emt 0:00:18]} f4+ {[%emt 0:00:56]} 51. Kh2 {[%emt 0:00:41]} fxe3 {[%emt 0:00:28]} 52. Nxf1 {[%emt 0:00:08]} e2 {[%emt 0:00:07]} 53. Ne3+ {[%emt 0:00:11]} Kd4 {[%emt 0:00:13]} 54. Nc2+ {[%emt 0:00:11]} Kc3 {[%emt 0:00:45]} 0-1

[Event "Anderssen Festival 2019"]
[Site "Wroclaw"]
[Date "2019.08.05"]
[Round "1.20"]
[White "Verwoert, Jef"]
[Black "Zarzycki, Lukasz"]
[Result "1-0"]
[WhiteElo "2034"]
[BlackElo "1397"]
[Annotator "NA"]
[PlyCount "95"]
[EventDate "2019.08.05"]
[EventType "swiss"]
[EventCountry "POL"]
[SourceTitle "playchess.com"]
[Source "ChessBase"]
[SourceQuality "1"]
[TimeControl "40/5400+30:900+30"]

1. Nf3 Nf6 2. g3 c5 3. Bg2 g6 4. O-O Bg7 5. c4 O-O 6. Nc3 d5 7. cxd5 Nxd5 8. Nxd5 Qxd5 9. d3 Qd7 10. Qc2 Qc7 11. d4 Na6 12. Bf4 Qb6 13. dxc5 Qxc5 14. Qb3 e5 15. Rac1 Qe7 16. Bg5 Qe6 17. Nd2 Qxb3 18. Nxb3 f6 19. Be3 Rd8 20. Rfd1 Bg4 21. Bd5+ Rxd5 22. Rxd5 Bxe2 23. Rd7 b6 24. a3 Bg4 25. Rd2 Be6 26. Rc3 Bf8 27. f4 e4 28. Nd4 Bd7 29. Nc6 Be8 30. b4 f5 31. Bd4 Nc7 32. Ne7+ Bxe7 33. Rxc7 Kf7 34. Kf2 h5 35. h3 Ke6 36. Be5 a5 37. Rb7 axb4 38. Rxb6+ Kf7 39. axb4 Ra4 40. Bd6 Ra3 41. Rc2 Bxd6 42. Rxd6 Rf3+ 43. Kg2 h4 44. Rc7+ Kf8 45. gxh4 Rxf4 46. Rf6+ Kg8 47. Re6 Kf8 48. Rc8 1-0

[Event "Anderssen Festival 2019"]
[Site "Wroclaw"]
[Date "2019.08.06"]
[Round "2.1"]
[White "Gutenev, Alexander"]
[Black "Piekielny, Pawel"]
[Result "1-0"]
[WhiteElo "2470"]
[BlackElo "1985"]
[Annotator "ChessBase"]
[PlyCount "75"]
[EventDate "2019.08.05"]
[EventType "swiss"]
[EventCountry "POL"]
[SourceTitle "playchess.com"]
[Source "ChessBase"]
[SourceQuality "1"]
[TimeControl "40/5400+30:900+30"]

1. e4 {[%emt 0:05:11]} e6 {[%emt 0:00:00]} 2. d4 {[%emt 0:00:05]} d5 {[%emt 0:00:00]} 3. Nc3 {[%emt 0:00:07]} Nf6 {[%emt 0:00:00]} 4. e5 {[%emt 0:00:07]} Nfd7 {[%emt 0:00:00]} 5. f4 {[%emt 0:00:07]} c5 {[%emt 0:00:00]} 6. Nf3 {[%emt 0:00:07]} Qb6 {[%emt 0:00:13]} 7. Na4 {[%emt 0:00:56]} Qc6 {[%emt 0:01:29]} 8. Nc3 {[%emt 0:01:56]} Qb6 {[%emt 0:00:05]} 9. Be3 {[%emt 0:01:40]} a6 {[%emt 0:00:05]} 10. Na4 {[%emt 0:02:26]} Qa5+ {[%emt 0:00:44]} 11. c3 {[%emt 0:01:01]} cxd4 {[%emt 0:00:05]} 12. b4 {[%emt 0:00:08]} Qc7 {[%emt 0:00:06]} 13. Qxd4 {[%emt 0:01:07]} Nc6 {[%emt 0:01:00]} 14. Qd2 {[%emt 0:00:22]} b5 {[%emt 0:04:32]} 15. Nb2 {[%emt 0:00:34]} f6 {[%emt 0:02:13]} 16. a4 {[%emt 0:06:39]} Rb8 {[%emt 0:05:32]} 17. axb5 {[%emt 0:00:43]} axb5 {[%emt 0:00:04]} 18. Be2 {[%emt 0:14:22]} fxe5 {[%emt 0:19:53]} 19. fxe5 {[%emt 0:02:23]} Be7 {[%emt 0:05:16]} 20. O-O {[%emt 0:03:33]} O-O {[%emt 0:06:19]} 21. Nd4 {[%emt 0:04:22]} Nxd4 {[%emt 0:00:08]} 22. Bxd4 {[%emt 0:01:28]} Nxe5 {[%emt 0:25:31]} 23. Ra7 {[%emt 0:00:11]} Rxf1+ {[%emt 0:01:03]} 24. Bxf1 {[%emt 0:00:16]} Rb7 {[%emt 0:01:24]} 25. Rxb7 {[%emt 0:00:08]} Bxb7 {[%emt 0:00:05]} 26. Qe3 {[%emt 0:00:41]} Bf6 {[%emt 0:08:24]} 27. Bxb5 {[%emt 0:00:47]} Kf7 {[%emt 0:02:24]} 28. Qg3 {[%emt 0:12:33]} Qb8 {[%emt 0:03:42]} 29. Qh3 {[%emt 0:00:49]} Ng6 {[%emt 0:05:45]} 30. Bxf6 {[%emt 0:02:45]} Kxf6 {[%emt 0:00:06]} 31. Nd3 {[%emt 0:00:59]} Qa7+ {[%emt 0:03:51]} 32. Nc5 {[%emt 0:00:06]} Qa1+ {[%emt 0:01:03]} 33. Bf1 {[%emt 0:00:12]} Bc8 {[%emt 0:00:22]} 34. Qe3 {[%emt 0:00:16]} Qb1 {[%emt 0:02:41]} 35. Nd3 {[%emt 0:00:43]} Bd7 {[%emt 0:02:08]} 36. h4 {[%emt 0:00:22]} Bb5 {[%emt 0:00:42]} 37. Qf2+ {[%emt 0:00:22]} Ke7 {[%emt 0:00:17]} 38. Qc5+ {[%emt 0:00:03]} 1-0

[Event "Anderssen Festival 2019"]
[Site "Wroclaw"]
[Date "2019.08.06"]
[Round "2.2"]
[White "Jablonska, Sabina"]
[Black "Chernyshov, Konstantin"]
[Result "0-1"]
[WhiteElo "1963"]
[BlackElo "2446"]
[Annotator "NA"]
[PlyCount "60"]
[EventDate "2019.08.05"]
[EventType "swiss"]
[EventCountry "POL"]
[SourceTitle "playchess.com"]
[Source "ChessBase"]
[SourceQuality "1"]
[TimeControl "40/5400+30:900+30"]

1. d4 {[%emt 0:00:00]} e6 {[%emt 0:00:00]} 2. Nf3 {[%emt 0:00:00]} Nf6 {[%emt 0:00:20]} 3. Bf4 {[%emt 0:01:41]} c5 {[%emt 0:01:34]} 4. c3 {[%emt 0:02:51]} Qb6 {[%emt 0:00:46]} 5. Qb3 {[%emt 0:04:09]} d5 {[%emt 0:01:05]} 6. e3 {[%emt 0:00:58]} Bd7 {[%emt 0:01:31]} 7. Nbd2 {[%emt 0:02:53]} c4 {[%emt 0:01:46]} 8. Qc2 {[%emt 0:00:27]} Bc6 {[%emt 0:00:40]} 9. Ne5 {[%emt 0:08:11]} Nbd7 {[%emt 0:03:11]} 10. Be2 {[%emt 0:04:09]} Be7 {[%emt 0:01:56]} 11. g4 {[%emt 0:04:57]} Nxe5 {[%emt 0:01:01]} 12. Bxe5 {[%emt 0:06:18]} O-O {[%emt 0:00:18]} 13. Bxf6 {[%emt 0:07:25]} Bxf6 {[%emt 0:00:07]} 14. Nf3 {[%emt 0:00:08]} Qa5 {[%emt 0:02:43]} 15. h4 {[%emt 0:04:06]} b5 {[%emt 0:01:37]} 16. g5 {[%emt 0:16:31]} Be7 {[%emt 0:00:57]} 17. Ne5 {[%emt 0:00:16]} Be8 {[%emt 0:01:18]} 18. f4 {[%emt 0:14:11]} b4 {[%emt 0:00:58]} 19. Bd1 {[%emt 0:01:36]} Rb8 {[%emt 0:01:59]} 20. Kd2 {[%emt 0:08:02]} bxc3+ {[%emt 0:03:26]} 21. bxc3 {[%emt 0:00:08]} Qa3 {[%emt 0:00:09]} 22. Rb1 {[%emt 0:00:58]} Ba4 {[%emt 0:01:56]} 23. Qc1 {[%emt 0:02:08]} Qxa2+ {[%emt 0:01:41]} 24. Bc2 {[%emt 0:00:12]} Ba3 {[%emt 0:00:36]} 25. Qd1 {[%emt 0:01:23]} Rb2 {[%emt 0:00:12]} 26. Rxb2 {[%emt 0:01:53]} Qxb2 {[%emt 0:00:06]} 27. Nf3 {[%emt 0:04:15]} Rb8 {[%emt 0:00:38]} 28. Rh2 {[%emt 0:02:14]} Bxc2 {[%emt 0:01:15]} 29. Qxc2 {[%emt 0:00:07]} Qa1 {[%emt 0:00:06]} 30. Qd1 {[%emt 0:01:31]} Rb1 {[%emt 0:00:40]} 0-1